00230pab a2200085 454500008003600000100001500036245005900051650001200110773002200122180718b xxu||||| |||| 00| 0 eng d aGupta, R.K aPurchase of immovable property by govt. under I.T. Act aFinance aFinancial Express